000 00294nam a22001217a 4500
082 _a920/AGA
100 _aAgarwal, Dr. Beena
_981838
245 _aIndian Women's Theatre Search Of A Tradition
260 _aJaipur
_bAadi Publication
_c2018
300 _a195
650 _aBiography
942 _cBK
999 _c66015
_d66015